• 首页
  • 本馆介绍
  • 公告通知
  • 最新文献
  • 馆藏检索
  • 电子资源
  • 读者导购
  • 参考咨询
  • 我的图书馆
  • 登录
  • 详细信息显示
  • 放入我的书架
  • 预约/预借图书
  • 作者相关作品
  • 分类相关作品
  • 丛书相关作品
  • 出版社相关作品

书目信息

  • 表格格式
  • 工作单格式
  • 卡片格式
题名:
语音声学
    
 
作者: 郑静宜 著
分册:  
出版信息: 台北   心理出版社股份有限公司  2011
页数: 16,425页
开本: 23cm
丛书名: 沟通障碍系列
单 册:
中图分类: H017
科图分类:
主题词: 声学语音学--研究 , 声学语音学
电子资源:
ISBN: 978-986-191-406-0
000 00735nam0 22002531 450
001 1561638043
005 20150202170740.00
010    @a978-986-191-406-0@dTWD500.00
100    @a20120716d2011 em y0chiy50 ea
101 0  @achi
102    @aCN@b710000
105    @aa z 000yy
200 1  @a语音声学@9yu yin sheng xue@e说话声音的科学@f郑静宜著
210    @a台北@c心理出版社股份有限公司@d2011
215    @a16,425页@c图@d23cm
225 1  @a沟通障碍系列@v65022
461  0 @12001 @a沟通障碍系列
517 1  @a说话声音的科学@9shuo hua sheng yin de ke xue
606 0  @a声学语音学@x研究
606 0  @a声学语音学
690    @aH017@v5
701  0 @a郑静宜@9zheng jing yi@4著
801  0 @aCN@bTSSF@c20150202
905    @aZUCC@dH017@eJY1
    
    语音声学:说话声音的科学/郑静宜著.-台北:心理出版社股份有限公司,2011
    16,425页:图;23cm.-(沟通障碍系列;65022)
    
    
    ISBN 978-986-191-406-0:TWD500.00
    
●
相关链接 在E读中查询图书 在五车中查询图书 在当当中查询图书 在豆瓣中查询图书


正题名:语音声学     索取号:H017/JY1         预约/预借

序号 登录号 条形码 馆藏地/架位号 状态 备注
1 7865204   278652049   学院路分馆/ [索取号:H017/JY1] 在馆    
2 7865206   278652067   学院路分馆/ [索取号:H017/JY1] 在馆    
唐山师范学院图书馆 欢迎您!
大连网信软件有限公司© 版权所有